Guía para el conocimiento y conservación de la : (Registro nro. 1618)

Detalles MARC
000 -CABECERA
Campo de control 01082cam a2200277 i 4500
005 - FECHA Y HORA DE LA ULTIMA TRANSACCION
Campo de control 20160220134320.0
008 - ELEMENTOS DE LONGITUD FIJA—INFORMACION GENERAL
Campo de control 080923s1999 ck ao r 000 0 spa d
015 ## - NATIONAL BIBLIOGRAPHY NUMBER
National bibliography number SSN
020 ## - ISBN
ISBN 9586980030
040 ## - FUENTE DE CATALOGACIÓN
Agencia catalogadora original CO-BoPUJ
Agencia transcriptora CO-BoIAVH
Agencia Modificadora CO-BoIAVH
041 0# - IDIOMA
Código de idioma para texto/pista de sonido o título separado Español
043 ## - GEOGRAPHIC AREA CODE
Geographic area code cl-----
082 04 - NUMERO DE CLASIFICACION DECIMAL DEWEY
Número de clasificación 599.51
Número del ítem C23g
100 1# - ASIENTO PRINCIPAL--NOMBRE PERSONAL
Nombre personal Capella Alzueta, Juan
9 (RLIN) 13057
245 10 - MENCION DE TITULO
Título Guía para el conocimiento y conservación de la :
Parte restante del título yubarta o ballena jorobada Megaptera Novaeangliae (Borowski) /
Mención de responsabilidad Juan Capella Zuleta, Lilian Florez Gonzalez.
260 ## - PUBLICACION, DISTRIBUCION, ETC. (PIE DE IMPRENTA)
Lugar de publicación, distribución, etc. Bogotá :
Nombre del editor, distribuidor, etc. Convenio Andres Bello,
Fecha de publicación, distribución, etc. 1999.
300 ## - DESCRIPCION FISICA
Extensión 51 páginas
Otros detalles físicos ilustraciones y fotos ;
Dimensiones 28 cm.
490 00 - MENCION DE SERIE
Mención de serie Serie ciencia y tecnología ;
Designación numérica/secuencial del volumen 80
504 ## - NOTA DE BIBLIOGRAFIA, ETC.
Nota de bibliografía Incluye referencias bibliográficas (p. 39-43).
590 ## - NOTA LOCAL
Nota local Título tomado de la carátula.
650 14 - ASIENTO SECUNDARIO DE MATERIA - TERMINO TEMATICO
Término temático o nombre geográfico como elemento de entrada Ballenas
Subdivisión general Hábitos y conducta
Subdivisión geográfica América Latina
9 (RLIN) 61847
650 24 - ASIENTO SECUNDARIO DE MATERIA - TERMINO TEMATICO
Término temático o nombre geográfico como elemento de entrada Ballenas
Subdivisión geográfica América Latina
9 (RLIN) 61848
650 24 - ASIENTO SECUNDARIO DE MATERIA - TERMINO TEMATICO
Término temático o nombre geográfico como elemento de entrada Ballenas
Subdivisión general Aspectos económicos
Subdivisión geográfica América Latina
9 (RLIN) 61849
700 1# - ASIENTO SECUNDARIO - NOMBRE PERSONAL
Nombre personal Flórez González, Lilián,
Término de relación autor.
9 (RLIN) 13060
942 ## - ELEMENTOS ADICIONALES (KOHA)
Sistema de clasificación Dewey Decimal Classification
Tipo de ítem Libro
Existencias
Withdrawn status Lost status Sistema de Clasificación Damaged status No para préstamo Colección Inventariado Ubicación Permanente Ubicación actual Fecha de adquisición Fuente de Valor Valor Total Checkouts Número topográfico Inventario / Código de Barras Date last seen Ejemplar Price effective from Forma de adquisición Tipo de material
    Dewey Decimal Classification     General Inventariado 2017 Bogotá Bogotá 19/10/2004 Samper, Cristián 39000.00   LB-599.51 C23g 016832 04/12/2012 Ej. 1 04/12/2012   Libro
    Dewey Decimal Classification     General Inventariado 2017 Sala Fabio Quevedo Sala Fabio Quevedo 02/05/2000 Samper, Cristián 39000.00   LB-599.51 C23g 002214 04/12/2012 Ej. 2 04/12/2012 Donación Libro